Las estaciones (Record no. 22622)

MARC details
000 -LEADER
campo de control de longitud fija 00571nam a2200169 i 4500
001 - NÚMERO DE CONTROL
campo de control 22622
003 - IDENTIFICADOR DE NÚMERO DE CONTROL
campo de control ES-MaACL
005 - FECHA Y HORA DE LA ÚLTIMA TRANSACCIÓN
campo de control 20230906152728.0
007 - CAMPO FIJO DE DESCRIPCIÓN FÍSICA--INFORMACIÓN GENERAL
campo de control de longitud fija t|
008 - DATOS DE LONGITUD FIJA--INFORMACIÓN GENERAL
campo de control de longitud fija 021203s1973 sp ||||1| spa d
100 1# - ENTRADA PRINCIPAL--NOMBRE DE PERSONA
Nombre de persona Alonso Navarro, Serafín.
9 (RLIN) 20370
245 14 - MENCIÓN DEL TÍTULO
Título Las estaciones
Resto del título : recorrido gastronómico por la Huerta de Murcia /
Mención de responsabilidad, etc. Serafín Alonso Navarro.
260 ## - PUBLICACIÓN, DISTRIBUCIÓN, ETC.
Lugar de publicación, distribución, etc. Murcia :
Nombre del editor, distribuidor, etc. Caja de Ahorros Municipal,
Fecha de publicación, distribución, etc. 1973.
300 ## - DESCRIPCIÓN FÍSICA
Extensión 61 p. :
Otras características físicas il., 1 map. pleg. ;
Dimensiones 17 cm.
710 2# - ENTRADA AGREGADA--NOMBRE DE ENTIDAD CORPORATIVA
Nombre de entidad corporativa o nombre de jurisdicción como elemento de entrada Caja de Ahorros Municipal de Murcia.
9 (RLIN) 2298
852 ## - LOCALIZACIÓN
Ubicación ES-MaACL
Número de control de estantería C-53739
Sublocalización o colección R.86591
Holdings
Estatus retirado Estado de pérdida Estado de daño No para préstamo Biblioteca de origen Biblioteca actual Ubicación en estantería Fecha de adquisición Fuente de adquisición Total de préstamos Signatura topográfica completa Código de barras Visto por última vez Precio de reemplazo Tipo de ítem Koha
        Biblioteca del Ateneo de Madrid Biblioteca del Ateneo de Madrid Depósito 2 17/01/2008     C-53739 1023290 23/02/2023 23/02/2023 Libro impreso